Normale Ansicht MARC-Ansicht ISBD

Vtoroj s'ezd narodnych deputatov SSSR : (Titelsatznr. 45515)

[ MARC ]
MARC-Details
000 -Satzkennung
Kontrollfeld mit fester Länge 00410nac a22001451ca4500
001 - Kontrollnummer
Kontrollfeld a987680703
008 - Feld mit fester Länge zur physischen Beschreibung - Allgemeine Angaben
Kontrollfeld mit fester Länge 170707s1990 gw |||| 000u rus d
041 ## - Sprachcode
Sprachcode des Textes/der Tonspur oder des separaten Titels rus
040 ## - Katalogisierungsquelle
Übertragungsstelle RU-10907106
003 - Kontrollnummer Identifier
Kontrollfeld RU-10907106
245 00 - Titel
Titel Vtoroj s'ezd narodnych deputatov SSSR :
Zusatz zum Titel 12-24 dekabrja 1989 g. ; Stenografičeskij otčet
264 ## - Produktion, Veröffentlichung, Distribution, Herstellung und Urheberrechtsvermerk
Herstellungs-, Veröffentlichungs- Vertriebs-, Erzeugungsort Moskva :
Produzent, Herausgeber, Distributor, Hersteller Izd. Verchovnogo Soveta SSSR,
Datum der Herstellung, der Veröffentlichung, des Vertriebs oder des Urheberschutzvermerks 1990
942 ## - Zusätzliche Felder (Koha)
Koha-Medientyp Monographien
Exemplare
Ausgeschieden Verloren Beschädigt Nicht entleihbar Heimatbibliothek Aufenthaltsbibliothek Aufstellungsort Erwerbungsdatum Inventarnummer Signatur Barcode Letzte Aktivität Preis gültig von Koha-Medientyp
        MWN Osteuropa MWN Osteuropa Magazin - 2 07/07/2017 17-03231 Ersatzß nur Bde 5, 6 R 65 ee SND 2 (Bde.) 45525 23/02/2021 22/03/2021 Monographien